Enterprise purpose & profit : Essays on industry
Contents: Motive and interest, sanctions of rationalization, enterprise and the trade cycle,...
Guardado en:
| Autor principal: | |
|---|---|
| Formato: | Libro |
| Lenguaje: | Undetermined |
| Publicado: |
Oxford
The Claredon press
1934
|
| Materias: | |
| Etiquetas: |
Agregar Etiqueta
Sin Etiquetas, Sea el primero en etiquetar este registro!
|
| Thư viện lưu trữ: | Trung tâm Học liệu Trường Đại học Cần Thơ |
|---|
| LEADER | 00706nam a2200217Ia 4500 | ||
|---|---|---|---|
| 001 | CTU_222279 | ||
| 008 | 210402s9999 xx 000 0 und d | ||
| 020 | |c 6.60 | ||
| 082 | |a 338.70941 | ||
| 082 | |b M147 | ||
| 100 | |a MacGregor, D. H. | ||
| 245 | 0 | |a Enterprise purpose & profit : | |
| 245 | 0 | |b Essays on industry | |
| 245 | 0 | |c D. H. MacGregor | |
| 260 | |a Oxford | ||
| 260 | |b The Claredon press | ||
| 260 | |c 1934 | ||
| 520 | |a Contents: Motive and interest, sanctions of rationalization, enterprise and the trade cycle,... | ||
| 650 | |a Industrial efficiency,Hiệu quả công nghiệp | ||
| 904 | |i Nguyễn An Khang,Hải | ||
| 980 | |a Trung tâm Học liệu Trường Đại học Cần Thơ | ||